| 000 | 00538nam a2200193Ia 4500 | ||
|---|---|---|---|
| 005 | 20240805061308.0 | ||
| 008 | 240331s9999 xx 000 0 und d | ||
| 020 | _a8170130719 | ||
| 082 |
_bDES _a379 |
||
| 100 | _aDe Silva, C | ||
| 245 | 0 |
_aEducation in Sri Lanka 1948-1988 : _ban analysis of the structure and a critical survey of the literature |
|
| 260 |
_aNew Delhi _bBooksellers and Publishers _c1990 |
||
| 300 | _a270 p ., | ||
| 650 | _aPolitical | ||
| 650 | _aGender | ||
| 650 | _aSociety | ||
| 650 | _aEconomic | ||
| 942 | _cL | ||
| 999 |
_c2967 _d2967 |
||